Humanoffon : Åestâa Internet cambiâandonos como seres humanos? /
Պահպանված է:
| Հիմնական հեղինակ: | |
|---|---|
| Ձևաչափ: | էլ․ գիրք |
| Լեզու: | իսպաներեն |
| Հրապարակվել է: |
[Barcelona] :
Deusto,
2016.
|
| Խորագրեր: | |
| Առցանց հասանելիություն: | https://elibro.unach.elogim.com/es/lc/unach/titulos/290610 |
| Ցուցիչներ: |
Ավելացրեք ցուցիչ
Չկան պիտակներ, Եղեք առաջինը, ով նշում է այս գրառումը!
|
MARC
| LEADER | 00000nam a2200000 i 4500 | ||
|---|---|---|---|
| 001 | ELB290610 | ||
| 003 | FINmELB | ||
| 005 | 20251212121057.0 | ||
| 006 | m o u | ||
| 007 | cr cn||||||||| | ||
| 008 | 251211s2016 sp a ob 000 0 spa d | ||
| 020 | |a 9788423425600 |q (epub) | ||
| 035 | |a (OCoLC)1564683359 | ||
| 040 | |a FINmELB |b spa |e rda |c FINmELB | ||
| 050 | 4 | |a BD450 |b .S735 2016 | |
| 080 | |a 141.319.8 | ||
| 080 | |a 004.738.5 | ||
| 082 | 0 | 4 | |a 303.4834 |2 23 |
| 100 | 1 | |a Stalman, Andy, |e autor. | |
| 240 | 1 | 0 | |a Humanoffon |
| 245 | 1 | 0 | |a Humanoffon : |b Åestâa Internet cambiâandonos como seres humanos? / |c Andy Stalman. |
| 246 | 1 | 4 | |a Human off on |
| 264 | 1 | |a [Barcelona] : |b Deusto, |c 2016. | |
| 300 | |a 1 recurso en lâinea (430 pâaginas) : |b ilustraciones | ||
| 336 | |a texto |b txt |2 rdacontent/spa | ||
| 337 | |a computadora |b c |2 rdamedia/spa | ||
| 338 | |a recurso en lâinea |b cr |2 rdacarrier/spa | ||
| 504 | |a Incluye referencias bibliogrâaficas. | ||
| 588 | |a Descripciâon basada en metadatos suministrados por el editor y otras fuentes. | ||
| 590 | |a Recurso electrâonico. Santa Fe, Arg.: elibro, 2025. Disponible vâia World Wide Web. El acceso puede estar limitado para las bibliotecas afiliadas a elibro. | ||
| 650 | 4 | |a Antropologâia filosâofica. | |
| 650 | 4 | |a Internet. | |
| 655 | 4 | |a Libros electrâonicos. | |
| 797 | 2 | |a elibro, Corp. | |
| 856 | 4 | 0 | |u https://elibro.unach.elogim.com/es/lc/unach/titulos/290610 |